[Event "Innsbruck op-B 3rd"]
[Site "Innsbruck"]
[Date "2019.08.27"]
[Round "4"]
[White "Von Lossow, Marcus"]
[Black "Sovago, Philipp"]
[Result "0-1"]
[WhiteElo "1683"]
[BlackElo "1898"]
[PlyCount "62"]
[EventDate "2019.08.25"]
[EventType "swiss"]
[EventRounds "9"]
[EventCountry "AUT"]
[SourceTitle "EXT 2020"]
[Source "ChessBase"]
[SourceDate "2019.10.17"]
[SourceVersion "1"]
[SourceVersionDate "2019.10.17"]
[SourceQuality "1"]

1. e4 c5 2. Nf3 Nc6 3. d4 cxd4 4. Nxd4 Nf6 5. Nc3 e5 6. Ndb5 d6 7. Bg5 a6 8. Na3 b5 9. Nd5 Be7 10. Nxe7 Qxe7 11. c4 b4 12. Nc2 0-0 13. Qf3 Rd8 14. Bxf6 Qxf6 15. Qxf6 gxf6 16. 0-0-0 a5 17. c5 dxc5 18. Rxd8+ Nxd8 19. Bc4 Ne6 20. Bxe6 Bxe6 21. a3 Rd8 22. Rd1 Rxd1+ 23. Kxd1 Bb3 24. Kd2 Bxc2 25. Kxc2 c4 26. Kd2 Kg7 27. g4 Kg6 28. h4 Kg7 29. Ke3 c3 30. Kd3 cxb2 31. Kc2 bxa3 0-1

[Event "St Veit op-B 38th"]
[Site "St Veit"]
[Date "2019.07.10"]
[Round "6"]
[White "Pokupec, Vilim"]
[Black "Sovago, Philipp"]
[Result "1-0"]
[WhiteElo "2049"]
[BlackElo "1898"]
[PlyCount "51"]
[EventDate "2019.07.06"]
[EventType "swiss"]
[EventRounds "9"]
[EventCountry "AUT"]
[SourceTitle "EXT 2021"]
[Source "ChessBase"]
[SourceDate "2020.10.23"]
[SourceVersion "1"]
[SourceVersionDate "2020.10.23"]
[SourceQuality "1"]

1. d4 Nf6 2. c4 e6 3. a3 b6 4. Nc3 Bb7 5. Bg5 Be7 6. Bxf6 Bxf6 7. e4 d6 8. Nge2 0-0 9. g3 Bg5 10. Bh3 f5 11. 0-0 Qe8 12. exf5 exf5 13. d5 Qh5 14. Bg2 Ba6 15. Nb5 Bxb5 16. cxb5 Bf6 17. Nd4 Qxd1 18. Rfxd1 Bxd4 19. Rxd4 a6 20. Rc1 Ra7 21. Bf1 a5 22. g4 fxg4 23. Rxg4 Rf7 24. Bh3 Nd7 25. Re4 Nc5 26. Rxc5 1-0

[Event "St Veit op-B 37th"]
[Site "St Veit"]
[Date "2018.07.09"]
[Round "4"]
[White "Sovago, Philipp"]
[Black "Kaspar, Jonas"]
[Result "1-0"]
[WhiteElo "1896"]
[BlackElo "1827"]
[PlyCount "86"]
[EventDate "2018.07.07"]
[EventType "swiss"]
[EventRounds "9"]
[EventCountry "AUT"]
[SourceTitle "EXT 2020"]
[Source "ChessBase"]
[SourceDate "2019.10.17"]
[SourceVersion "1"]
[SourceVersionDate "2019.10.17"]
[SourceQuality "1"]

1. d4 Nf6 2. c4 e5 3. dxe5 Ng4 4. Bf4 Nc6 5. Nf3 Bb4+ 6. Nc3 Qe7 7. Qd5 f6 8. exf6 Bxc3+ 9. bxc3 Nxf6 10. Qd3 d6 11. e3 0-0 12. Be2 Kh8 13. 0-0 Ne4 14. Nd4 Nc5 15. Nxc6 bxc6 16. Qd4 Bf5 17. Bf3 Ne6 18. Qd2 Nxf4 19. exf4 Qd7 20. Rfe1 Rab8 21. Be4 Be6 22. Qe3 Bxc4 23. Qxa7 Ra8 24. Qb7 d5 25. Qb4 Rfb8 26. Qc5 Bxa2 27. Bd3 Kg8 28. g3 Qd6 29. Qe3 c5 30. Bf5 d4 31. Qe4 g6 32. Bh3 Kf8 33. f5 Bd5 34. Rxa8 Rxa8 35. Qh4 Kg8 36. cxd4 c4 37. fxg6 hxg6 38. Qg5 c3 39. Bg4 Ra2 40. h4 Bf7 41. Be6 Bxe6 42. Qxg6+ Kf8 43. Rxe6 Ra1+ 1-0

[Event "Innsbruck op-A 1st"]
[Site "Innsbruck"]
[Date "2017.08.28"]
[Round "3"]
[White "Schnabl, Andreas"]
[Black "Sovago, Philipp"]
[Result "1-0"]
[WhiteElo "2067"]
[BlackElo "1946"]
[PlyCount "115"]
[EventDate "2017.08.25"]
[EventType "swiss"]
[EventRounds "9"]
[EventCountry "AUT"]
[SourceTitle "CBM 180 Extra"]
[Source "ChessBase"]
[SourceDate "2017.10.06"]
[SourceVersion "1"]
[SourceVersionDate "2017.10.06"]
[SourceQuality "1"]

1. e4 c5 2. Nf3 Nc6 3. Bb5 g6 4. Bxc6 bxc6 5. 0-0 Bg7 6. Re1 Nf6 7. e5 Nd5 8. c4 Nc7 9. d4 cxd4 10. Qxd4 0-0 11. Nc3 d5 12. Qh4 Ne6 13. Bh6 Ba6 14. cxd5 cxd5 15. Rad1 Bb7 16. Rd2 Bxh6 17. Qxh6 d4 18. Rxd4 Qxd4 19. Nxd4 Nxd4 20. Rd1 Rad8 21. Qe3 Nb5 22. Rxd8 Rxd8 23. h3 Nxc3 24. Qxc3 Rd1+ 25. Kh2 Bd5 26. Qa5 e6 27. Qxa7 Kg7 28. b4 Re1 29. b5 Rxe5 30. a4 Rg5 31. Qd4+ f6 32. g4 Re5 33. Qc5 g5 34. Qc7+ Kg6 35. Qc2+ Kg7 36. Qd2 Re4 37. a5 Ra4 38. b6 Ra1 39. Qxd5 exd5 40. b7 Rb1 41. a6 d4 42. a7 Rxb7 43. a8Q Rf7 44. Qd8 Ra7 45. Qxd4 Rb7 46. Kg2 Rc7 47. Kf3 Rb7 48. Ke4 Kg6 49. Qd6 Ra7 50. Qf8 Ra4+ 51. Ke3 Ra7 52. Qg8+ Rg7 53. Qe8+ Rf7 54. Ke4 Kg7 55. Kf5 Ra7 56. Qd8 Rf7 57. Ke6 Rf8 58. Qxf8+ 1-0

[Event "Vienna Husek op"]
[Site "Vienna"]
[Date "2014.07.10"]
[Round "6"]
[White "Sovago, Philipp"]
[Black "Gstach, Jakob"]
[Result "0-1"]
[WhiteElo "1890"]
[BlackElo "2249"]
[PlyCount "74"]
[EventDate "2014.07.05"]
[EventType "swiss"]
[EventRounds "9"]
[EventCountry "AUT"]
[SourceTitle "CBM 161 Extra"]
[Source "ChessBase"]
[SourceDate "2014.08.29"]
[SourceVersion "1"]
[SourceVersionDate "2014.08.29"]
[SourceQuality "1"]

1. d4 d5 2. c4 e6 3. Nc3 c6 4. Nf3 Nf6 5. cxd5 exd5 6. Bg5 Be7 7. e3 Bf5 8. Bd3 Bxd3 9. Qxd3 Nbd7 10. 0-0 0-0 11. a3 a5 12. Qf5 Re8 13. Nd2 a4 14. Rfe1 Nf8 15. Rad1 Ne6 16. Bh4 Qa5 17. Qc2 Nh5 18. Bxe7 Rxe7 19. Nf3 Nf6 20. Re2 Nc7 21. Ne1 Nb5 22. Nxb5 Qxb5 23. Nd3 Ne4 24. Nc5 Nxc5 25. dxc5 Ra5 26. Rc1 Re4 27. Rd2 Ra8 28. Rd4 Rxd4 29. exd4 Re8 30. Qc3 Qe2 31. g3 h5 32. b4 h4 33. gxh4 Re6 34. Qh3 Rg6+ 35. Kh1 Qxf2 36. Rf1 Qxd4 37. Rxf7 Rg1# 0-1

[Event "Vienna Husek op"]
[Site "Vienna"]
[Date "2014.07.09"]
[Round "5"]
[White "Leitner, Gerald"]
[Black "Sovago, Philipp"]
[Result "1/2-1/2"]
[WhiteElo "2208"]
[BlackElo "1890"]
[PlyCount "110"]
[EventDate "2014.07.05"]
[EventType "swiss"]
[EventRounds "9"]
[EventCountry "AUT"]
[SourceTitle "CBM 161 Extra"]
[Source "ChessBase"]
[SourceDate "2014.08.29"]
[SourceVersion "1"]
[SourceVersionDate "2014.08.29"]
[SourceQuality "1"]

1. d4 Nf6 2. c4 e6 3. Nc3 Bb4 4. e3 b6 5. Nge2 Bb7 6. a3 Be7 7. d5 0-0 8. g3 d6 9. Bg2 Nbd7 10. 0-0 e5 11. f4 Ne8 12. f5 g6 13. h4 g5 14. hxg5 Bxg5 15. Ne4 h6 16. N2c3 a5 17. b3 Nc5 18. Nxc5 dxc5 19. Ne4 f6 20. Rf2 Rf7 21. Raa2 Nd6 22. Nxg5 hxg5 23. a4 Qd7 24. e4 Rh7 25. Bf3 Kf7 26. Be3 Rah8 27. Rh2 Kf8 28. Qd3 Rh3 29. Rxh3 Rxh3 30. Bf2 Bc8 31. Re2 Qh7 32. Bg2 Rh6 33. Qc3 Nb7 34. Be3 Qg7 35. Qd2 Ke7 36. Bf3 Kd6 37. Rh2 Qh8 38. Rxh6 Qxh6 39. Qe2 Bd7 40. Bh5 Ke7 41. Qh2 Be8 42. g4 Nd6 43. Qh1 Bxh5 44. gxh5 Ne8 45. Kg2 Ng7 46. d6+ cxd6 47. Qd1 Qxh5 48. Qd5 Qe2+ 49. Bf2 Qg4+ 50. Bg3 Kf8 51. Qxd6+ Kg8 52. Qd5+ Kh7 53. Kf2 Nh5 54. Qf7+ Kh8 55. Qf8+ Kh7 1/2-1/2